000 00650nam a22001937a 4500
003 koha_MIRAKIL
005 20250520103728.0
008 250520b tur||||| |||| 00| 0 tur d
020 _a9786051883861
040 _aTR-IsEVY
_btur
_cTR-IsEVY
082 _a155.4 SAN/B
100 _aSanders, Jayneen
245 0 _aSevgi nedir acaba ? /
_cJayneen Sanders ; resimleyen Anna Hancock.
260 _aİstanbul :
_bBeyaz Balina Yayınları ,
_c2024.
300 _a40 s. :
_brenkli resimli ;
_c26 cm.
650 _aÇocuk Psikolojisi.
_vBeden Güvenliği.
_vVücuk Mahremiyeti.
_vKendini Koruma.
700 1 _aHancock, Anna.
_cresimleyen.
942 _2ddc
_cBK
999 _c22299
_d22299